Sports de combats les plus pratiqués en France - Statistiques

Statistiques générales
  • Ce quiz a été pris 393 fois
  • Le résultat moyen est 7 sur 10
Statistiques - réponses
Nombre de licenciés Sport % Correct
64 000 Boxe Anglaise
97%
530 000 Judo
95%
250 000 Karaté
92%
60 000 MMA
86%
30 000 Lutte
70%
66 000 Muay Thai
70%
54 000 Savate
64%
50 000 Taekwondo
49%
20 000 Aikido
29%
60 000 Escrime
17%
Aucun quiz correspondant
Distribution des résultats
% des personnes avec chaque résultat
Percentile par nombre de réponses
Votre historique - résultats
Vous n’avez pas pris ce quiz